书目信息 |
| 题名: |
狼行天下
|
|
| 作者: | 史冷金 著 | |
| 分册: | ||
| 出版信息: | 西安 陕西师范大学出版社 2007.09 |
|
| 页数: | 245页 | |
| 开本: | 24cm | |
| 丛书名: | ||
| 单 册: | ||
| 中图分类: | K220.7 | |
| 科图分类: | ||
| 主题词: | ||
| 电子资源: | ||
| ISBN: | 978-7-5613-4036-3 | |
| 000 | 00843nam0 2200241 450 | |
| 001 | 012008973527 | |
| 005 | 20080808115751.45 | |
| 010 | @a978-7-5613-4036-3@dCNY29.80 | |
| 100 | @a20080808d2007 em y0chiy0120 ea | |
| 101 | 0 | @achi |
| 102 | @aCN@b610000 | |
| 105 | @aa z 000yy | |
| 106 | @ar | |
| 200 | 1 | @a狼行天下@Alang xing tian xia@e帝国史上的生存逻辑@f史冷金著@Fshi leng jin zhu |
| 210 | @a西安@c陕西师范大学出版社@d2007.09 | |
| 215 | @a245页@c图@d24cm | |
| 330 | @a全书分八章,内容包括“物竞天择 适者生存”、“一往无前 霸者作为”、“卧薪尝胆 勇者无敌”、“众狼一心 胜者雄风”等。 | |
| 517 | 1 | @a帝国史上的生存逻辑@Adi guo shi shang de sheng cun luo ji |
| 607 | @a中国@Azhong guo@x古代史@x研究 | |
| 690 | @aK220.7@v4 | |
| 701 | 0 | @a史冷金@Ashi leng jin@4著 |
| 801 | 0 | @aCN@bQSSK@c20080808 |
| 905 | @b732694-96@dK220.7@eS576@f3 | |
| 狼行天下:帝国史上的生存逻辑/史冷金著.-西安:陕西师范大学出版社,2007.09 |
| 245页:图;24cm |
| ISBN 978-7-5613-4036-3:CNY29.80 |
| 全书分八章,内容包括“物竞天择 适者生存”、“一往无前 霸者作为”、“卧薪尝胆 勇者无敌”、“众狼一心 胜者雄风”等。 |
| ● |
| 相关链接 |
|
|
|
正题名:狼行天下
索取号:K220.7/S576
 
预约/预借
| 序号 | 登录号 | 条形码 | 馆藏地/架位号 | 状态 | 备注 |
| 1 | 732694 | 207326945 | 社科库309/309社科库 32排4列5层/ [索取号:K220.7/S576] | 在馆 | |
| 2 | 732695 | 207326954 | 社科库309/309社科库 32排4列5层/ [索取号:K220.7/S576] | 在馆 | |
| 3 | 732696 | 207326963 | 社科库309/309社科库 32排4列5层/ [索取号:K220.7/S576] | 在馆 |